| 000 | 01048nam a2200253Ia 4500 | ||
|---|---|---|---|
| 003 | OSt | ||
| 005 | 20220104151805.0 | ||
| 008 | 210310s1961 sp fr 000 0 spa d | ||
| 040 |
_aCO-JMCR _cCO-JMCR |
||
| 041 | 1 |
_aspa _hfre |
|
| 082 | 0 | 4 |
_a338.9001 / _bM614e _223 |
| 100 | 1 |
_aMeynaud, Jean, _918243 _eautor |
|
| 245 | 1 | 3 |
_aLa elaboración de la política económica / _cJean Meynaud ; [traducción de Jorge Petit Fontseré] |
| 260 |
_aMadrid : _bEditorial Tecnos, S.A., _c1961. |
||
| 300 |
_a200 páginas ; _c24 cm. |
||
| 490 | 0 | _aColección de ciencias sociales | |
| 500 | _aIncluye notas a pie de página. Título original: L´elaboration de la politique economique | ||
| 504 | _aBibliografía: página [199] | ||
| 505 | 0 | _aEl marco gubernamental -- Las dimensiones de la política económica -- Esfuerzos de racionalización -- La acción económica del Estado y sus límites | |
| 546 | _aTraducido del francés. | ||
| 650 | 1 | 4 |
_aPolítica económica. _918245 |
| 700 | 1 |
_aPetit Fontseré, Jorge, _etraductor _941831 |
|
| 942 |
_2ddc _cBK |
||
| 999 |
_c8772 _d8772 |
||